000 00623nam a22002297a 4500
001 14440
003 BD-JhCC
005 20251117124229.0
008 251117b |||||||| |||| 00| 0 eng d
020 _a9780141397740
035 _a(BD-JhCC) 14440
040 _aBD-JhCC
_dBD-JhCC
041 _aeng
082 _223
_a808.83
_bTOL
100 _aTolstoy,Leo
245 _a How much land does a man need? /
_cLeo Tolstoy
260 _a London:
_bPenguin Classics,
_c2015
300 _a52p.;
_c17 cm.
_ePaper
490 _a Penguin Little black classics,
_vN, 57
650 _aWorld’s Greatest Stories
942 _2ddc
_cBK
999 _c14440
_d14440